Introduction à la psychosociologie : Concepts et études de cas (notice n° 2198567)
[ vue normale ]
| 000 -LEADER | |
|---|---|
| fixed length control field | 01856cam a2200145 4500500 |
| 005 - DATE AND TIME OF LATEST TRANSACTION | |
| control field | 20260405085550.0 |
| 041 ## - LANGUAGE CODE | |
| Language code of text/sound track or separate title | fre |
| 042 ## - AUTHENTICATION CODE | |
| Authentication code | dc |
| 100 10 - MAIN ENTRY--PERSONAL NAME | |
| Personal name | Citeau, Jean-Pierre |
| Relator term | author |
| 245 00 - TITLE STATEMENT | |
| Title | Introduction à la psychosociologie : Concepts et études de cas |
| 260 ## - PUBLICATION, DISTRIBUTION, ETC. | |
| Name of publisher, distributor, etc. | Armand Colin,<br/> |
| Date of publication, distribution, etc. | 2014.<br/> |
| 520 ## - SUMMARY, ETC. | |
| Summary, etc. | Cet ouvrage est un outil pédagogique original d’initiation à la psychosociologie, sur le plan tant des théories, des concepts et des méthodes que de ses déclinaisons pratiques dans la vie quotidienne comme dans celle des entreprises.Pendant longtemps, en effet, les manuels de sciences de gestion ont présenté les entreprises uniquement comme un lieu de production de richesses alors qu’elles sont tout autant un lieu essentiel de production sociale. On ne peut pourtant réduire l’individu au modèle de l’homo œconomicus : dans la réalité quotidienne, il est capable d’adapter son comportement à son environnement, qu’il modifie par sa réflexion et son action.Centré sur les « produits » de la relation individu-milieu, la personnalité et les groupes, cet ouvrage fournit les connaissances de base pour aborder les grands auteurs et, dans un souci de clarté et d’efficacité, associe étroitement les développements théoriques aux applications pratiques : exemples, études de cas, exercices corrigés, dissertations.Résultat d’une longue expérience d’enseignement dans les écoles de commerce, les écoles d’ingénieurs, les IUT, où le cours et les différents exercices ont été testés, il est accessible aux étudiants non spécialistes dont les formations intègrent un enseignement en sciences humaines. |
| 700 10 - ADDED ENTRY--PERSONAL NAME | |
| Personal name | Engelhardt-Bitrian, Brigitte |
| Relator term | author |
| 856 41 - ELECTRONIC LOCATION AND ACCESS | |
| Uniform Resource Identifier | <a href="https://shs.cairn.info/introduction-a-la-psychosociologie--9782200017200?lang=fr&redirect-ssocas=7080">https://shs.cairn.info/introduction-a-la-psychosociologie--9782200017200?lang=fr&redirect-ssocas=7080</a> |
Pas d'exemplaire disponible.




Réseaux sociaux